[Event "Dortmund Sparkassen op-B"]
[Site "Dortmund"]
[Date "2013.08.04"]
[Round "9"]
[White "Thiemann, Marc"]
[Black "Sinnen, Robin"]
[Result "0-1"]
[WhiteElo "1339"]
[BlackElo "1568"]
[PlyCount "102"]
[EventDate "2013.07.27"]
[EventType "swiss"]
[EventRounds "9"]
[EventCountry "GER"]
[SourceTitle "EXT 2022"]
[Source "ChessBase"]
[SourceDate "2021.10.06"]
[SourceVersion "1"]
[SourceVersionDate "2021.10.06"]
[SourceQuality "1"]

1. e4 d5 2. exd5 Qxd5 3. Nc3 Qd6 4. d4 Nf6 5. Nf3 c6 6. Bc4 Bg4 7. Be3 e6 8. Be2 Nbd7 9. 0-0 Be7 10. Ng5 Bxe2 11. Qxe2 h6 12. Nge4 Qc7 13. Nxf6+ Nxf6 14. Qf3 0-0 15. Ne2 Bd6 16. Bxh6 Bxh2+ 17. Kh1 Bd6 18. Bf4 Bxf4 19. Nxf4 g6 20. g3 Kg7 21. Kg2 Rh8 22. Rh1 Qb6 23. Qc3 Ne4 24. Qd3 Nf6 25. b3 Rxh1 26. Rxh1 Rd8 27. c3 c5 28. dxc5 Qc6+ 29. Qf3 Qxf3+ 30. Kxf3 Rd2 31. Ra1 e5 32. Ne2 e4+ 33. Ke3 Rd3+ 34. Kf4 Rf3+ 35. Ke5 Rxf2 36. Nf4 Rf3 37. Ne2 Rd3 38. c4 e3 39. Kf4 Nd7 40. Kf3 Nxc5 41. Rc1 f5 42. Ra1 g5 43. b4 Ne4 44. c5 Nd2+ 45. Kg2 g4 46. Nf4 Rc3 47. Rh1 Rc2 48. Ne6+ Kf6 49. Rh6+ Ke5 50. Nf4 Nf3+ 51. Kf1 Rf2# 0-1

[Event "Dortmund Sparkassen op-B"]
[Site "Dortmund"]
[Date "2013.08.01"]
[Round "6"]
[White "Sinnen, Robin"]
[Black "Puetter, Pascal"]
[Result "0-1"]
[WhiteElo "1568"]
[BlackElo "1934"]
[PlyCount "100"]
[EventDate "2013.07.27"]
[EventType "swiss"]
[EventRounds "9"]
[EventCountry "GER"]
[SourceTitle "EXT 2022"]
[Source "ChessBase"]
[SourceDate "2021.10.06"]
[SourceVersion "1"]
[SourceVersionDate "2021.10.06"]
[SourceQuality "1"]

1. d4 d5 2. Nf3 Nf6 3. Bf4 c5 4. c3 Nc6 5. e3 Qb6 6. Qb3 c4 7. Qxb6 axb6 8. Na3 Ra5 9. Be2 Bf5 10. Nh4 e6 11. Nxf5 exf5 12. Nc2 Kd7 13. f3 h6 14. h4 Bd6 15. Bxd6 Kxd6 16. b4 Ra4 17. a3 Na7 18. Kd2 Nb5 19. Ra2 Rha8 20. Rha1 Nh5 21. e4 Ng3 22. e5+ Ke6 23. Bd1 f4 24. Rc1 Nxa3 25. Nxa3 Rxa3 26. Rxa3 Rxa3 27. Bc2 b5 28. Ke1 Nf5 29. Bxf5+ Kxf5 30. Rc2 Kg6 31. Kf2 Kh5 32. g3 fxg3+ 33. Kxg3 g5 34. hxg5 Kxg5 35. f4+ Kf5 36. Kh4 Ra1 37. Rh2 Ra3 38. Rh3 Kxf4 39. Kh5 Ra6 40. Rh1 Ke3 41. Rf1 Kd3 42. Rf3+ Kc2 43. Rxf7 Kxc3 44. Rf6 Kxb4 45. Rxa6 bxa6 46. e6 c3 47. e7 c2 48. e8Q c1Q 49. Qe7+ Kb3 50. Qf6 Qg5+ 0-1

[Event "Dortmund Sparkassen op-B"]
[Site "Dortmund"]
[Date "2012.07.21"]
[Round "8"]
[White "Ziabari, Morteza"]
[Black "Sinnen, Robin"]
[Result "1-0"]
[WhiteElo "1774"]
[BlackElo "1480"]
[PlyCount "131"]
[EventDate "2012.07.14"]
[EventType "swiss"]
[EventRounds "9"]
[EventCountry "GER"]
[SourceTitle "EXT 2014"]
[Source "ChessBase"]
[SourceDate "2013.11.20"]
[SourceVersion "1"]
[SourceVersionDate "2013.11.20"]
[SourceQuality "1"]

1. e4 d5 2. exd5 Qxd5 3. Nc3 Qd6 4. b3 Nf6 5. Nf3 c6 6. a4 e5 7. Ba3 Qc7 8. Bxf8 Rxf8 9. Bc4 Bg4 10. h3 Bh5 11. 0-0 Nbd7 12. Re1 0-0-0 13. a5 a6 14. b4 Rde8 15. d3 g5 16. g4 Nxg4 17. hxg4 Bxg4 18. Kg2 f5 19. Qd2 Bxf3+ 20. Kxf3 g4+ 21. Kg2 Rh8 22. Qh6 Nf8 23. Rh1 Ng6 24. Ne2 f4 25. Kf1 Qe7 26. c3 Qf6 27. Rh5 g3 28. Qg5 Ref8 29. Qg4+ Kc7 30. f3 h6 31. Qe6 Rh7 32. d4 Qxe6 33. Bxe6 exd4 34. Nxd4 Ne7 35. Bg4 Nd5 36. Ne6+ Kb8 37. Nxf8 Rf7 38. Nd7+ Kc7 39. Ne5 Rf6 40. Ra3 Ne3+ 41. Ke2 Rd6 42. Bh3 Rd1 43. Rxh6 Rh1 44. Ng4 Nxg4 45. Bg2 Rxh6 46. fxg4 Rh2 47. Kf3 Kd6 48. c4 Ke5 49. Rd3 Rh7 50. Rd8 Rf7 51. Re8+ Kd4 52. Re4+ Kc3 53. Rxf4 Rd7 54. Kxg3 Kxb4 55. g5 Kxa5 56. g6 Rg7 57. Be4 Kb4 58. Rf7 Rg8 59. Rxb7+ Kc5 60. g7 Kxc4 61. Bxc6 Kd4 62. Kf4 Kc5 63. Be4 Rd8 64. Kg5 a5 65. Rf7 Rg8 66. Bh7 1-0

[Event "Dortmund Sparkassen op-B"]
[Site "Dortmund"]
[Date "2012.07.16"]
[Round "3"]
[White "Heyder, Siegfried"]
[Black "Sinnen, Robin"]
[Result "0-1"]
[WhiteElo "1337"]
[BlackElo "1480"]
[PlyCount "93"]
[EventDate "2012.07.14"]
[EventType "swiss"]
[EventRounds "9"]
[EventCountry "GER"]
[SourceTitle "EXT 2014"]
[Source "ChessBase"]
[SourceDate "2013.11.20"]
[SourceVersion "1"]
[SourceVersionDate "2013.11.20"]
[SourceQuality "1"]

1. e4 d5 2. exd5 Qxd5 3. Nc3 Qd6 4. d4 Nf6 5. Be2 c6 6. g3 Bf5 7. Bf4 Qd8 8. Nf3 e6 9. a3 Bd6 10. Be5 Bxe5 11. Nxe5 Nbd7 12. Nc4 Qc7 13. Bd3 Bh3 14. Qf3 Bg4 15. Qe3 Nd5 16. Nxd5 cxd5 17. Ne5 Nxe5 18. dxe5 0-0 19. f3 Bh5 20. g4 Bg6 21. 0-0-0 Bxd3 22. Rxd3 Rfc8 23. Rc3 Qa5 24. Rxc8+ Rxc8 25. h4 Qc7 26. Rh2 Qc5 27. Qxc5 Rxc5 28. f4 Rc4 29. Rf2 h6 30. Kd2 g5 31. hxg5 hxg5 32. b3 Rd4+ 33. Ke3 Re4+ 34. Kd3 gxf4 35. Re2 f3 36. Rxe4 dxe4+ 37. Ke3 Kg7 38. c4 Kg6 39. b4 Kg5 40. b5 b6 41. a4 Kxg4 42. a5 Kg3 43. axb6 axb6 44. c5 bxc5 45. b6 f2 46. b7 f1Q 47. b8Q 0-1